| 000 | 00700nam a22001937a 4500 | ||
|---|---|---|---|
| 003 | NUST-PNEC | ||
| 005 | 20170116180711.0 | ||
| 008 | 141011b xxu||||| |||| 00| 0 eng d | ||
| 020 | _a 0074517589 | ||
| 040 | _cPNEC | ||
| 082 | _a621.815 MAI | ||
| 100 |
_9547 _aMaitra, Gitin M |
||
| 245 |
_aHandbook of mechanical design _cGitin M Maitra |
||
| 260 |
_aNew Delhi ; [London] : _bTata McGraw-Hill, _cc1985. |
||
| 300 |
_axiii, 666 pages : _bill. ; _c25 cm |
||
| 500 | _aIncludes Index http://www.amazon.com/Handbook-Mechanical-Design-G-M-Maitra/dp/0074517589/ref=sr_1_1?s=books&ie=UTF8&qid=1413015175&sr=1-1&keywords=HANDBOOK+OF+MECHANICAL+DESIGN+BY+G+M+MAITRA | ||
| 650 | _xME | ||
| 942 |
_2ddc _cBK |
||
| 999 |
_c60971 _d60971 |
||